|
|
|
|
| LEADER |
00934nam a2200241 a 4500 |
| 001 |
4550810 |
| 008 |
091007s1973 njua b 001 0 eng d |
| 010 |
|
|
|a 72003912
|
| 020 |
|
|
|a 0876920377
|
| 020 |
|
|
|a 0134739183
|
| 040 |
|
|
|a DLC
|c DLC
|d DLC
|
| 082 |
0 |
0 |
|a 382
|2 16
|
| 100 |
1 |
|
|a Heller, H. Robert
|q (Heinz Robert),
|d 1940-
|
| 245 |
1 |
0 |
|a International trade :
|b theory and empirical evidence
|c by H. Robert Heller.
|
| 250 |
|
|
|a 2d ed.
|
| 260 |
|
|
|a Englewood Cliffs, N.J.,
|b Prentice-Hall
|c 1973
|
| 300 |
|
|
|a xiv, 236 p.
|b illus.
|c 24 cm.
|
| 504 |
|
|
|a Includes bibliographical references and index.
|
| 541 |
1 |
|
|e 00008111
|
| 650 |
|
0 |
|a International trade.
|
| 852 |
4 |
|
|a Ayesha Abed Library
|j General shelf
|
| 999 |
|
|
|c 4436
|d 4436
|
| 952 |
|
|
|0 0
|1 0
|2 ddc
|4 0
|6 382_000000000000000_HEL_1988
|7 0
|9 4147
|a BRACUL
|b BRACUL
|c GEN
|d 2009-10-11
|g 0.00
|l 1
|o 382 HEL
|p 3010008111
|r 2017-09-23
|s 2017-09-16
|t 1
|w 2009-10-11
|y BK
|x No price found in the accession register.
|